000 00926nas a2200313 4500
001 BR0400184
003 BR-BrBNA
005 20231205104259.0
007 ta
008 230509b bl.|||p| |||| 00| 00por d
040 _aBR-BrBNA
_bpor
_cBiblioteca Nacional de Agricultura
041 _a(Pt)
072 _aL53
100 1 _aLima, F.S.
100 1 _aVasconcelos, J.L.M.
100 1 _aVilela, E.R.
100 1 _aDias, C.C.
100 1 _aSá Filho, O.G.
100 1 _aMatos, M.C.
245 1 _aProtocolos de sincronização de cio em vacas Nelore solteiras
650 _aGADO NELORE
650 _aSINCRONIZAÇÃO DO CIO
650 _aPRENHEZ
650 _aPROGESTERONA
650 _aEFICIÊNCIA REPRODUTIVA
773 0 _tRevista Brasileira de Reprodução Animal (Brazil)
_xISSN 0102-0803
_g(Jul-Sep 2003), v. 27(3) p. 442-444
_wBR0400184
909 _a202311
_bLúcia
_c55
_dLúcia Elande
942 _2AGRIS
_n0
_cANA
999 _c177333
_d177333